<?xml version="1.0" encoding="UTF-8"?><?xml-stylesheet type="text/xsl" href="static/style.xsl"?><OAI-PMH xmlns="http://www.openarchives.org/OAI/2.0/" xmlns:xsi="http://www.w3.org/2001/XMLSchema-instance" xsi:schemaLocation="http://www.openarchives.org/OAI/2.0/ http://www.openarchives.org/OAI/2.0/OAI-PMH.xsd"><responseDate>2026-04-17T22:32:54Z</responseDate><request verb="GetRecord" identifier="oai:www.recercat.cat:20.500.12327/2918" metadataPrefix="marc">https://recercat.cat/oai/request</request><GetRecord><record><header><identifier>oai:recercat.cat:20.500.12327/2918</identifier><datestamp>2025-10-22T11:23:13Z</datestamp><setSpec>com_2072_4428</setSpec><setSpec>com_2072_4427</setSpec><setSpec>col_2072_487898</setSpec></header><metadata><record xmlns="http://www.loc.gov/MARC21/slim" xmlns:dcterms="http://purl.org/dc/terms/" xmlns:xsi="http://www.w3.org/2001/XMLSchema-instance" xmlns:doc="http://www.lyncode.com/xoai" xsi:schemaLocation="http://www.loc.gov/MARC21/slim http://www.loc.gov/standards/marcxml/schema/MARC21slim.xsd">
   <leader>00925njm 22002777a 4500</leader>
   <datafield ind2=" " ind1=" " tag="042">
      <subfield code="a">dc</subfield>
   </datafield>
   <datafield ind2=" " ind1=" " tag="720">
      <subfield code="a">Torres-Cobos, B.</subfield>
      <subfield code="e">author</subfield>
   </datafield>
   <datafield ind2=" " ind1=" " tag="720">
      <subfield code="a">Rosell, M.</subfield>
      <subfield code="e">author</subfield>
   </datafield>
   <datafield ind2=" " ind1=" " tag="720">
      <subfield code="a">Soler, A.</subfield>
      <subfield code="e">author</subfield>
   </datafield>
   <datafield ind2=" " ind1=" " tag="720">
      <subfield code="a">Rovira, Merce</subfield>
      <subfield code="e">author</subfield>
   </datafield>
   <datafield ind2=" " ind1=" " tag="720">
      <subfield code="a">Romero, Agusti</subfield>
      <subfield code="e">author</subfield>
   </datafield>
   <datafield ind2=" " ind1=" " tag="720">
      <subfield code="a">Guardiola, F.</subfield>
      <subfield code="e">author</subfield>
   </datafield>
   <datafield ind2=" " ind1=" " tag="720">
      <subfield code="a">Vichi, S.</subfield>
      <subfield code="e">author</subfield>
   </datafield>
   <datafield ind2=" " ind1=" " tag="720">
      <subfield code="a">Tres, A.</subfield>
      <subfield code="e">author</subfield>
   </datafield>
   <datafield ind2=" " ind1=" " tag="260">
      <subfield code="c">2024-03-23</subfield>
   </datafield>
   <datafield ind2=" " ind1=" " tag="520">
      <subfield code="a">Hazelnuts' features and price are influenced by their geographical origin, making them susceptible to fraud,&#xd;
especially counterfeit claims regarding their provenance. Stable isotope analysis is a recognised approach to&#xd;
establish the geographical origin of foods, yet its potential in hazelnut authentication remains unexplored. In this&#xd;
prospective study, we assessed multiple isotopic markers in hazelnuts from different origins and evaluated the&#xd;
most promising variables for geographical authentication by chemometric tools. Our findings indicate that bulk&#xd;
δ18O, along with δ2H and δ13C in the main fatty acid methyl esters, exhibit significant potential in discriminating&#xd;
geographical origins, and 87Sr/86Sr analysis could serve as a proficient confirmatory tool. Though no single&#xd;
marker alone can differentiate between all the studied origins, employing a multi-isotopic approach based on&#xd;
PLS-DA models achieved up to 92.5 % accuracy in leave-10 %-out cross-validation. These findings will probably&#xd;
lay the groundwork for developing robust models for hazelnut geographical authentication based on larger&#xd;
datasets.</subfield>
   </datafield>
   <datafield ind1="8" ind2=" " tag="024">
      <subfield code="a">Torres-Cobos, Berta, Mònica Rosell, Albert Soler, M. Rovira, Agustí Romero, Francesc Guardiola, Stefania Vichi, and Alba Tres. 2024. “Investigating Isotopic Markers for Hazelnut Geographical Authentication: Promising Variables and Potential Applications.” Food Chemistry 449: 139083. doi:10.1016/j.foodchem.2024.139083.</subfield>
   </datafield>
   <datafield ind1="8" ind2=" " tag="024">
      <subfield code="a">0308-8146</subfield>
   </datafield>
   <datafield ind1="8" ind2=" " tag="024">
      <subfield code="a">http://hdl.handle.net/20.500.12327/2918</subfield>
   </datafield>
   <datafield ind1="8" ind2=" " tag="024">
      <subfield code="a">https://doi.org/10.1016/j.foodchem.2024.139083</subfield>
   </datafield>
   <datafield ind2="0" ind1="0" tag="245">
      <subfield code="a">Investigating isotopic markers for hazelnut geographical authentication: Promising variables and potential applications</subfield>
   </datafield>
</record></metadata></record></GetRecord></OAI-PMH>